00475 a2200109 4500082001100000100002600011245006000037260008100097300003700178500009300215856005700308 aMSIT-8 aUmar Hayat Khan Niazi aSemantic analysis of micro-blogscUmar Hayat Khan Niazi aIslamabadbNUST School of Electrical Engineering and Computer Sciencec2011. axi, 49p.b:ill,c;27cm.+eCD-ROM aSupervisors: Dr. Khalid Latif, Dr. Sharifullah Khan, Dr. Zia ul Qayyum, Mr. Osama Hashmi uhttp://10.250.8.41:8080/xmlui/handle/123456789/10245